Normal view
MARC view
Entry Personal Name
001 - CONTROL NUMBER
- control field: 85521
003 - CONTROL NUMBER IDENTIFIER
- control field: dpl
005 - DATE AND TIME OF LATEST TRANSACTION
- control field: 20251022123809.0
008 - FIXED-LENGTH DATA ELEMENTS
- fixed length control field: 251022|| aca||aabn | a|a d
040 ## - CATALOGING SOURCE
- Original cataloging agency: dpl
- Transcribing agency: dpl
100 ## - HEADING--PERSONAL NAME
- Personal name: Shekhar B. Ashtikar
670 ## - SOURCE DATA FOUND
- Source citation: Work cat.: (dpl)213661: From Taliban to Taliban: Contextualising Nationhood in Afghanistan/, 2025
